Ładuje się......
Politics in China An introduction /
| Kolejni autorzy: | |
|---|---|
| Język: | Undetermined |
| Wydane: |
Oxford :
Oxford University Press ,
2010.
|
| LEADER | 00562nam a2200157Ia 4500 | ||
|---|---|---|---|
| 001 | 170483 | ||
| 008 | 170722s9999 xx 000 0 und d | ||
| 020 | |a 9780195335316 | ||
| 245 | |a Politics in China |b An introduction / | ||
| 260 | |a Oxford : |b Oxford University Press , |c 2010. | ||
| 300 | |a xvii+432 | ||
| 700 | |a Joseph , William A. |e editor. | ||
| 923 | |d 20110131 |n MBC-2128/1 | ||
| 942 | |c GEN | ||
| 999 | |c 145501 |d 145501 | ||
| 952 | |0 0 |1 0 |4 0 |6 W__41_000000000000000_Q0 |7 0 |9 205538 |a LIB |b LIB |d 2013-03-25 |e Modern Book Centre |l 2 |o W.41 Q0 |p 283356 |r 2019-03-14 |s 2019-02-13 |w 2017-08-12 |y GEN | ||